| 000 | 00661nam a22001337a 4500 | ||
|---|---|---|---|
| 008 | 140902b xxu||||| |||| 00| 0 eng d | ||
| 020 | _a0406092745 | ||
| 050 | _aKD277.7.L39(1902 vol.1) | ||
| 245 |
_aThe Law Reports (1902 vol.1) King's Bench division: of the incorporated council of law reporting. King's Bench division and on appeal therefrom in the court of appeal, decisions on crown cases reserved and decisions of the railway and canal commission. / _cEdited by: Frederick Pollock and assisted A. P Stone. |
||
| 260 |
_aLondon: _bButterworth & Co Ltd., _c1902. |
||
| 300 |
_aXv, 907p.: _c24cm. |
||
| 800 |
_aPollock, Frederick _aStone, A. P |
||
| 942 |
_2lcc _cBK |
||
| 999 |
_c3966 _d11466 |
||